Full duplex video communication through optical fiber / (Record no. 182612)

000 -LEADER
fixed length control field 00848 a2200193 4500
003 - CONTROL NUMBER IDENTIFIER
control field 0
005 - DATE AND TIME OF LATEST TRANSACTION
control field 20251110190414.0
040 ## - CATALOGING SOURCE
Transcribing agency 0
082 ## - DEWEY DECIMAL CLASSIFICATION NUMBER
Classification number 621.382,SHA
100 ## - MAIN ENTRY--PERSONAL NAME
Personal name Shaheen, PC Sheryar (TCC-7)
9 (RLIN) 131770
245 ## - TITLE STATEMENT
Title Full duplex video communication through optical fiber /
Statement of responsibility, etc. PC Sheryar Shaheen , GC Ammar Hussain , GC Atif Nazeer, NC Bilal Kiyani and NC Muhammad Ali Khan (TCC-7)
260 ## - PUBLICATION, DISTRIBUTION, ETC.
Place of publication, distribution, etc. Rawalpindi
Name of publisher, distributor, etc. MCS (NUST)
Date of publication, distribution, etc. 1999
300 ## - PHYSICAL DESCRIPTION
Extent 78 p.;
505 ## - FORMATTED CONTENTS NOTE
Formatted contents note Optical fiber (Page-1) Fiber optic (Page-17) Fiber optic detectors (Page-33) Optical link Characteristics and losses (Page-51) A video communication link using FM-Im Technique (Page-64) Loss budgeting and other parameters (Page-73).
650 ## - SUBJECT ADDED ENTRY--TOPICAL TERM
Topical term or geographic name entry element UG Projects
9 (RLIN) 98716
651 ## - SUBJECT ADDED ENTRY--GEOGRAPHIC NAME
Geographic name TCC-6
9 (RLIN) 131771
700 ## - ADDED ENTRY--PERSONAL NAME
Personal name Supervised by W/CDR (R) Akhlaq Ahmed
9 (RLIN) 131772
942 ## - ADDED ENTRY ELEMENTS (KOHA)
Koha item type Project Report
Source of classification or shelving scheme
Holdings
Withdrawn status Lost status Source of classification or shelving scheme Damaged status Not for loan Permanent Location Current Location Shelving location Date acquired Full call number Barcode Date last seen Price effective from Koha item type Public note
          Military College of Signals (MCS) Military College of Signals (MCS) Reference 12/12/2016 621.382,SHA MCSPTC-16 12/08/2016 12/12/2016 Project Report Almirah No. 94, Shelf No. 1
© 2023 Central Library, National University of Sciences and Technology. All Rights Reserved.